Se levantaron antes del alba... Memorias de un combatiente checo de las Brigadas Internacionales en la guerra de España

Salvato in:
Dettagli Bibliografici
Autore principale: London, Artur (autor)
Natura: Libro
Lingua:spagnolo
Pubblicazione: Barcelona, España Península 1978
Serie:Temas de Historia y Política Contemporánea, 5
Soggetti:
Tags: Aggiungi Tag
Nessun Tag, puoi essere il primo ad aggiungerne!!

MARC

LEADER 00000nam a2200000 a 4500
001 UCM3673
003 CL-VaPUC
005 20241121130328.0
008 020712e19780400SP |||||||||||||||||spa|d
999 |c 300876  |d 300874 
040 |c Pontificia Universidad Católica de Valparaíso 
082 0 4 |a 946.081 LON 1978  |2 21 
100 |a London, Artur  |e autor  |9 470415 
245 1 0 |a Se levantaron antes del alba... Memorias de un combatiente checo de las Brigadas Internacionales en la guerra de España 
260 |a Barcelona, España  |b Península  |c 1978 
300 |a 342 páginas 
490 0 |a Temas de Historia y Política Contemporánea,  |v  5 
583 |a last modification  |c 20020712 00:00:00  |k Rodrigo Vera 
650 0 |a Guerra civil española  |9 331803 
650 0 |a Fascismo  |z ESPAÑA  |9 255687 
650 0 |a Derechos humanos  |z ESPAÑA  |9 223025 
650 0 |a Democracia  |z ESPAÑA  |9 255256 
942 |c BK  |2 ddc 
945 |d 20020712 00:00:00  |a cmena 
952 |0 0  |1 0  |2 ddc  |4 0  |6 946_081000000000000_LON_1978  |7 0  |8 A  |9 359254  |a BIBHIS  |b BIBHIS  |d 2019-11-21  |i 3826376  |o 946.081 LON 1978  |p 3826376  |r 2025-01-20  |t 1  |w 2019-11-21  |y BK  |k HIS